000 00568nam a2200181 a 4500
005 20250918064110.0
008 991125s1980 mx 000 0 spa u
035 _aUPN01000014895
049 _aCG
050 4 _aBF721
_bA3.2
100 1 _aAguilar Villalobos, Eduardo Javier
_930591
245 1 0 _aDiagnóstico psicopedagógico /
_cJavier Aguilar Villalobos, Frida Díaz Barriga A.
260 _a[S.l.] :
_bILCE :
_bUNESCO,
_c[198-].
300 _a134 p.
650 4 _aNiño, Estudio del
_9221
700 1 _aDíaz Barriga, Frida,
_d1955-
_ecoaut.
_930592
905 _aLibro
999 _c14895
_d14895